Top 30 : Laylow - Statistiques

Statistiques générales
  • Ce quiz a été pris 91 fois
  • Le résultat moyen est 16 sur 30
Statistiques - réponses
Top Titres Featuring % Correct
2 SPECIAL Nekfeu, Fousheé
96%
3 10'
80%
5 R9R-LINE Damso
80%
4 UNE HISTOIRE ÉTRANGE
74%
14 ...DE BATARD WIT.
73%
1 Vent de l'est
73%
13 STUNTMEN Alpha Wann, Wit.
69%
11 Brûle Josman
67%
7 BURNING MAN Lomepal
66%
9 Stars Doums
63%
8 IVERSON
60%
12 PLUG Jok'air
59%
6 Maladresse
56%
16 MEGATRON
56%
17 Gogo Jok'air
54%
23 TRINITYVILLE
51%
19 Ciel pleure Dinos
47%
22 Dernière ligne droite SCH
46%
18 WINDOW SHOPPER PART. 2 Hamza
46%
21 LOGICIEL TRISTE
44%
10 DEHORS DANS LA NIGHT
43%
27 POIZON
41%
25 VOIR LE MONDE BRÛLER
39%
29 UN RÊVE ÉTRANGE
34%
24 Brrr Vladimir Cauchemar, Asdek, Rim'K
31%
15 HELP !!!
30%
26 Pichichi Anderson Dinos
26%
20 Clic clac bang bang Jok'air
24%
30 WINDOW SHOPPER PART. 1
24%
28 STATION II - DIGITAL EMOTIONS Prinzly
16%
Aucun quiz correspondant
Distribution des résultats
% des personnes avec chaque résultat
Percentile par nombre de réponses
Votre historique - résultats
Vous n’avez pas pris ce quiz